[Event "4NCL Division Three West"]
[Site "Warwick, ENG"]
[Date "2023.04.29"]
[Round "9.53"]
[White "Murawski, Jan"]
[Black "Taylor, Robert K"]
[Result "1-0"]
[WhiteElo "2016"]
[BlackElo "1908"]
[PlyCount "97"]
[EventDate "2023.04.29"]
[WhiteTeam "Oxford 2"]
[BlackTeam "Shropshire & Friends"]

1. d4 d5 2. c4 e5 3. dxe5 d4 4. Nf3 Nc6 5. Bg5 f6 6. exf6 Nxf6 7. g3 Bf5 8. Bg2
Be7 9. O-O Qd7 10. Nbd2 Rd8 11. Nb3 O-O 12. e3 dxe3 13. Bxe3 Bd3 14. Re1 Bxc4
15. Qxd7 Nxd7 16. Nfd4 Nxd4 17. Bxd4 Bb4 18. Rec1 Bxb3 19. axb3 c5 20. Bc3 a5
21. Bxb7 Rb8 22. Bd5+ Kh8 23. Bxb4 axb4 24. Ra7 Nf6 25. Bf3 Rbd8 26. Rxc5 Rd3
27. Ra8 Rxa8 28. Bxa8 h6 29. Rc8+ Kh7 30. Rc2 Rxb3 31. Kg2 Kg6 32. Bf3 Kf5 33.
Be2 Ke4 34. Bc4 Rd3 35. Bxd3+ Kxd3 36. Rc7 g5 37. f4 gxf4 38. gxf4 Nd5 39. Rd7
Ke4 40. Rxd5 Kxd5 41. Kf3 b3 42. Ke3 Ke6 43. Ke4 Kf6 44. f5 Kf7 45. h4 Ke7 46.
Ke5 Kf7 47. f6 Ke8 48. Kf5 Kf7 49. h5 1-0

[Event "4NCL Division Three West"]
[Site "Warwick, ENG"]
[Date "2023.04.29"]
[Round "9.54"]
[White "Pugh, Glyn D"]
[Black "Blinov, Roman"]
[Result "0-1"]
[WhiteElo "1883"]
[BlackElo "1971"]
[PlyCount "42"]
[EventDate "2023.04.29"]
[WhiteTeam "Shropshire & Friends"]
[BlackTeam "Oxford 2"]

1. d4 d5 2. c4 c6 3. Nf3 Nf6 4. g3 Bf5 5. Bg2 e6 6. O-O Nbd7 7. Nbd2 Be7 8. Re1
O-O 9. Nh4 Be4 10. f3 Bg6 11. Nxg6 hxg6 12. e4 Qb6 13. c5 Qb4 14. Nb3 dxe4 15.
Bd2 Qa4 16. fxe4 e5 17. dxe5 Nxe5 18. Qc2 Rad8 19. Re3 Nc4 20. Rc3 Nxd2 21.
Nxd2 Qd4+ 0-1

[Event "4NCL Division Three West"]
[Site "Warwick, ENG"]
[Date "2023.04.29"]
[Round "9.55"]
[White "Foster, Timothy"]
[Black "Bryant, Richard B E"]
[Result "1-0"]
[WhiteElo "1947"]
[BlackElo "1850"]
[PlyCount "111"]
[EventDate "2023.04.29"]
[WhiteTeam "Oxford 2"]
[BlackTeam "Shropshire & Friends"]

1. Nf3 d5 2. c4 dxc4 3. e4 Nc6 4. Bxc4 e6 5. O-O Be7 6. d4 Nf6 7. Nc3 O-O 8. d5
exd5 9. exd5 Nb8 10. Re1 c6 11. Bf4 Bb4 12. dxc6 Nxc6 13. Qb3 Bxc3 14. Qxc3 Qa5
15. Qb3 Qc5 16. Rac1 Qf5 17. Bd6 Na5 18. Qb5 Nxc4 19. Qxf5 Bxf5 20. Bxf8 Nxb2
21. Be7 Nd3 22. Bxf6 Nxe1 23. Rxe1 gxf6 24. Nd4 Bd7 25. Re7 Rd8 26. f4 Kf8 27.
Re4 Bc6 28. Nxc6 bxc6 29. Ra4 Rd7 30. Kf2 Ke7 31. Ke3 Kd6 32. Ra5 c5 33. Ra6+
Kd5 34. Kd3 c4+ 35. Kc3 Ke4 36. Rxf6 Rc7 37. g3 Kf3 38. Rf5 Kg4 39. Rg5+ Kf3
40. Rh5 f6 41. Rh6 f5 42. Rh5 Kg4 43. Rg5+ Kh3 44. Rxf5 Kxh2 45. Rg5 h6 46. Rg6
h5 47. f5 Kh3 48. f6 Rf7 49. Kxc4 h4 50. g4 Kg3 51. g5 h3 52. Rh6 Kg4 53. g6
Rxf6 54. g7 Rf4+ 55. Kd3 Rf3+ 56. Ke2 1-0

[Event "4NCL Division Three West"]
[Site "Warwick, ENG"]
[Date "2023.04.29"]
[Round "9.56"]
[White "Slegg, Gary"]
[Black "Dickinson, Tim R"]
[Result "0-1"]
[WhiteElo "1671"]
[BlackElo "2001"]
[PlyCount "116"]
[EventDate "2023.04.29"]
[WhiteTeam "Shropshire & Friends"]
[BlackTeam "Oxford 2"]

1. e4 e6 2. Qe2 b6 3. g3 Bb7 4. Bg2 c5 5. Nf3 Nc6 6. O-O Be7 7. Re1 Nf6 8. d3
O-O 9. e5 Ne8 10. Bf4 d5 11. h4 Nc7 12. Nbd2 Nb4 13. Nb3 d4 14. a3 Nbd5 15. Bg5
h6 16. Bxe7 Nxe7 17. Nfd2 Bxg2 18. Kxg2 Ncd5 19. Nc4 Nf5 20. Ncd2 Nxh4+ 21. Kf1
Nf5 22. Nf3 Qe7 23. Nbd2 Nde3+ 24. Kg1 Nxc2 25. Rac1 Nxe1 26. Rxe1 Rad8 27. Qe4
Rd5 28. Kh2 Rc8 29. Kh3 h5 30. g4 hxg4+ 31. Qxg4 g6 32. Ne4 Kg7 33. Nf6 Rh8+
34. Kg2 Rxe5 35. Rxe5 Qxf6 36. Qg5 Qxg5+ 37. Nxg5 Ne7 38. Re1 Nd5 39. Kg3 Rh5
40. Ne4 e5 41. Nd6 Nf4 42. Ne8+ Kf8 43. Nf6 Rg5+ 44. Kf3 Rf5 45. Nd7+ Ke7 46.
Rxe5+ Kxd7 47. Rxf5 gxf5 48. Kxf4 Ke6 49. b3 b5 50. Kf3 Kd5 51. Ke2 c4 52.
bxc4+ bxc4 53. dxc4+ Kxc4 54. Kd2 f4 55. f3 d3 56. Kd1 Kc3 57. Kc1 d2+ 58. Kd1
a6 0-1

[Event "4NCL Division Three West"]
[Site "Warwick, ENG"]
[Date "2023.04.29"]
[Round "9.61"]
[White "Mercs, Peter J"]
[Black "Ogunshola, Ben"]
[Result "0-1"]
[WhiteElo "2030"]
[BlackElo "2104"]
[PlyCount "120"]
[EventDate "2023.04.29"]
[WhiteTeam "Ashfield 1"]
[BlackTeam "Brown Jack"]

1. e4 d6 2. d4 Nf6 3. Nc3 g6 4. Bg5 h6 5. Be3 a6 6. h3 b5 7. e5 Nfd7 8. f4 Bb7
9. Nf3 e6 10. Bd3 b4 11. Ne4 Bxe4 12. Bxe4 d5 13. Bd3 c5 14. O-O Nc6 15. c3 Be7
16. Kh1 Qa5 17. Qc2 bxc3 18. bxc3 Nb6 19. Rab1 c4 20. Be2 Kd7 21. Bd2 Rab8 22.
Nh2 Kc7 23. Ng4 Qa4 24. Qc1 Qa3 25. Qe1 h5 26. Ne3 Na4 27. Bxc4 Rxb1 28. Qxb1
Nxc3 29. Bxc3 Qxc3 30. Bxa6 Rb8 31. Qc1 Qxc1 32. Rxc1 Kb6 33. Bd3 Ra8 34. Rb1+
Kc7 35. Rc1 Ba3 36. Rd1 Bb2 37. Bb5 Nxd4 38. a4 Nxb5 39. axb5 Ra1 40. Rxa1 Bxa1
41. g4 Bd4 42. Nc2 Bc5 43. gxh5 gxh5 44. Kg2 Kb6 45. Kf3 Kxb5 46. Ke2 Kc4 47.
Ne1 Kd4 48. Kf3 Be7 49. Ng2 Kd3 50. f5 Bg5 51. h4 Bd2 52. f6 Kd4 53. Nf4 Bxf4
54. Kxf4 Kc4 55. Kg5 d4 56. Kh6 d3 57. Kg7 d2 58. Kxf7 d1=Q 59. Kg7 Qg4+ 60.
Kh8 Qf5 0-1

[Event "4NCL Division Three West"]
[Site "Warwick, ENG"]
[Date "2023.04.29"]
[Round "9.62"]
[White "Girdlestone, Paul C"]
[Black "Mossong, Hubert"]
[Result "1-0"]
[WhiteElo "2051"]
[BlackElo "2042"]
[PlyCount "113"]
[EventDate "2023.04.29"]
[WhiteTeam "Brown Jack"]
[BlackTeam "Ashfield 1"]

1. c4 d6 2. g3 c6 3. Nc3 e5 4. Bg2 Be6 5. d3 Nf6 6. Nf3 h6 7. h3 Qc7 8. e4 Be7
9. Qe2 O-O 10. Bd2 Nbd7 11. Rc1 c5 12. Nh4 Rfe8 13. Nd5 Qc8 14. O-O Bf8 15. Ne3
Nb8 16. Kh2 Nc6 17. f4 Nd4 18. Qf2 b5 19. fxe5 dxe5 20. Nef5 Bxf5 21. Nxf5 Nxf5
22. Qxf5 Qxf5 23. Rxf5 Nd7 24. Rf2 b4 25. h4 Red8 26. Rcf1 Be7 27. Re2 Nf6 28.
Rf3 Rd6 29. Bh3 Rad8 30. Ree3 Ra6 31. Be1 Rxa2 32. Re2 a5 33. g4 a4 34. g5 Nh5
35. gxh6 Nf4 36. Rd2 a3 37. bxa3 Rxa3 38. Bf1 b3 39. hxg7 Ra2 40. Rxa2 bxa2 41.
Bc3 Bd6 42. Rf2 Ra8 43. Ba1 f6 44. Rb2 Kxg7 45. Be2 Ra3 46. Kg1 Kg6 47. Bd1
Nxd3 48. Rg2+ Kh7 49. Rg3 f5 50. exf5 e4 51. Rg7+ Kh6 52. Rg6+ Kh7 53. Rxd6 Nb4
54. Rd8 Rg3+ 55. Kf1 Rg8 56. Rxg8 Kxg8 57. Ke2 1-0

[Event "4NCL Division Three West"]
[Site "Warwick, ENG"]
[Date "2023.04.29"]
[Round "9.63"]
[White "Truman, Richard G"]
[Black "Headlong, Timothy"]
[Result "0-1"]
[WhiteElo "2003"]
[BlackElo "2054"]
[PlyCount "90"]
[EventDate "2023.04.29"]
[WhiteTeam "Ashfield 1"]
[BlackTeam "Brown Jack"]

1. d4 d5 2. c4 e6 3. Nf3 c5 4. Nc3 cxd4 5. Nxd4 Nf6 6. g3 e5 7. Nf3 d4 8. Nb5
a6 9. Na3 Nc6 10. Bg2 Bc5 11. O-O O-O 12. Nc2 Re8 13. Bd2 a5 14. a3 e4 15. Ng5
a4 16. Nb4 h6 17. Nh3 Be6 18. Nf4 Bf5 19. Nfd5 Nxd5 20. Nxd5 Ne5 21. Qc1 b5 22.
Bf4 bxc4 23. Bxe5 Qxd5 24. Bf4 Bb6 25. h3 Bg6 26. Rd1 d3 27. exd3 cxd3 28. Qd2
Qa5 29. Rac1 Qxd2 30. Bxd2 Bd4 31. Bc3 Bxc3 32. Rxc3 Rac8 33. Kf1 f5 34. Ke1
Rxc3 35. bxc3 Rb8 36. Kd2 Rb2+ 37. Ke3 Re2+ 38. Kd4 Rxf2 39. Bf1 Bf7 40. g4 Bb3
41. Rb1 g6 42. gxf5 gxf5 43. Kc5 Kg7 44. Kd4 Kf6 45. Ke3 Ra2 0-1

[Event "4NCL Division Three West"]
[Site "Warwick, ENG"]
[Date "2023.04.29"]
[Round "9.64"]
[White "Conterno, Dominique"]
[Black "Naylor-Eade, Michael A"]
[Result "1-0"]
[WhiteElo "1852"]
[BlackElo "1962"]
[PlyCount "79"]
[EventDate "2023.04.29"]
[WhiteTeam "Brown Jack"]
[BlackTeam "Ashfield 1"]

1. e4 e5 2. Nf3 Nc6 3. Bb5 a6 4. Ba4 Nf6 5. O-O Be7 6. Re1 b5 7. Bb3 O-O 8. h3
d6 9. c3 Na5 10. Bc2 c5 11. d4 Qc7 12. Nbd2 Re8 13. Nf1 Bf8 14. Ng3 g6 15. Bg5
Bg7 16. a4 Bd7 17. d5 c4 18. Qd2 Nb7 19. Be3 Rf8 20. Ra3 Nxe4 21. Nxe4 f5 22.
Nxd6 Qxd6 23. Bh6 Bxh6 24. Qxh6 Rae8 25. axb5 axb5 26. Ra7 Nc5 27. Rd1 Re7 28.
Ng5 e4 29. h4 Nd3 30. Rda1 Qxd5 31. R1a6 Nc5 32. Nxh7 Ne6 33. Qxf8+ Nxf8 34.
Nf6+ Kf7 35. Nxd5 Re5 36. Nb6 Ke7 37. Nxd7 Nxd7 38. Rxg6 Rd5 39. Rg7+ Ke6 40.
Rgxd7 1-0

[Event "4NCL Division Three West"]
[Site "Warwick, ENG"]
[Date "2023.04.29"]
[Round "9.65"]
[White "Garnett, John S"]
[Black "Jones, Mark A"]
[Result "1/2-1/2"]
[WhiteElo "1942"]
[BlackElo "1829"]
[PlyCount "161"]
[EventDate "2023.04.29"]
[WhiteTeam "Ashfield 1"]
[BlackTeam "Brown Jack"]

1. d4 d5 2. c4 c6 3. cxd5 cxd5 4. Nc3 Nf6 5. f3 Nc6 6. e4 e6 7. e5 Nd7 8. f4
Qb6 9. Nf3 Be7 10. Be2 f6 11. O-O a6 12. Rb1 fxe5 13. fxe5 Ndxe5 14. Nxe5 Nxe5
15. Kh1 Nc6 16. Be3 Bd7 17. b4 Na7 18. Na4 Bxa4 19. Qxa4+ Nb5 20. Rbc1 Rf8 21.
Qc2 Rxf1+ 22. Bxf1 g6 23. a4 Nd6 24. Qb3 Rc8 25. Rc5 Kd7 26. a5 Qd8 27. Qa4+
Rc6 28. Rxc6 bxc6 29. Bxa6 Qb8 30. Bf4 Qa7 31. b5 cxb5 32. Bxb5+ Kd8 33. a6
Nxb5 34. Qxb5 Bf6 35. Be5 Bxe5 36. dxe5 Kc7 37. h3 Qb6 38. Qe8 Qxa6 39. Qf7+
Kb8 40. Qg8+ Kc7 41. Qxh7+ Kc6 42. Qxg6 Qa1+ 43. Kh2 Qxe5+ 44. Kg1 Qe1+ 45. Kh2
Qe5+ 46. Kg1 d4 47. Qe8+ Kc5 48. Qc8+ Kb4 49. Qf8+ Kb3 50. Qf3+ Kc2 51. Qf2+
Kc3 52. Qa2 Qe1+ 53. Kh2 Qe3 54. Qa1+ Kc2 55. Qa2+ Kd3 56. Qa6+ Kd2 57. Qa2+
Ke1 58. Qb1+ Ke2 59. Qa2+ Kf1 60. Qa1+ Ke2 61. Qa2+ Kd3 62. Qa6+ Kc3 63. Qa3+
Kc4 64. Qa4+ Kc5 65. Qa5+ Kd6 66. Qd8+ Ke5 67. Qh8+ Kf5 68. Qh7+ Kf6 69. Qh8+
Ke7 70. Qg7+ Ke8 71. Qg8+ Kd7 72. Qf7+ Kd6 73. Qf8+ Ke5 74. Qg7+ Ke4 75. Qh7+
Kd5 76. Qd7+ Kc5 77. Qa7+ Kc4 78. Qa4+ Kc3 79. Qa3+ Kc2 80. Qa2+ Kc3 81. Qa5+
1/2-1/2

[Event "4NCL Division Three West"]
[Site "Warwick, ENG"]
[Date "2023.04.29"]
[Round "9.66"]
[White "Headlong, Georgia"]
[Black "Walker, Andrew N"]
[Result "0-1"]
[WhiteElo "1694"]
[BlackElo "1921"]
[PlyCount "108"]
[EventDate "2023.04.29"]
[WhiteTeam "Brown Jack"]
[BlackTeam "Ashfield 1"]

1. e4 e5 2. Nf3 Nc6 3. Nc3 Nf6 4. Bb5 Bc5 5. O-O d6 6. d4 exd4 7. Nxd4 Bd7 8.
Bxc6 bxc6 9. Bg5 h6 10. Bh4 g5 11. Bg3 O-O 12. f4 Bg4 13. Qd2 Nh5 14. f5 Nxg3
15. hxg3 Qf6 16. Rad1 Bxd1 17. Rxd1 Rfe8 18. Kh2 Qxd4 19. Qxd4 Bxd4 20. Rxd4
Rab8 21. b3 a5 22. Rc4 Rb6 23. g4 Re5 24. Rd4 Rb4 25. Rd3 Rb8 26. Kg3 Rd8 27.
Kf2 d5 28. Rd4 Rd6 29. Ra4 d4 30. Ne2 Rxe4 31. Kf3 Re3+ 32. Kf2 Re5 33. Rc4 d3
34. cxd3 Rxd3 35. Rc2 Re4 36. Ng1 Rxg4 37. Nf3 Rf4 38. Ke2 Rd5 39. Rxc6 Re5+
40. Kf2 Rexf5 41. Kg3 h5 42. Rxc7 h4+ 43. Kh2 h3 44. Rc2 hxg2 45. Kxg2 Rg4+ 46.
Kh3 Rgf4 47. Ng1 Rf2 48. Rc8+ Kg7 49. a3 Rf1 50. Ne2 R5f3+ 51. Kg4 Rxb3 52.
Kxg5 Rxa3 53. Nf4 f6+ 54. Kf5 Ra4 0-1

[Event "4NCL Division Four"]
[Site "Daventry, ENG"]
[Date "2022.11.05"]
[Round "1.11"]
[White "Jogstad, Martin"]
[Black "Venables, Simon"]
[Result "1-0"]
[WhiteElo "2386"]
[BlackElo "1821"]
[PlyCount "53"]
[EventDate "2022.11.05"]
[WhiteTeam "CSC/Kingston 1"]
[BlackTeam "War and Piece B"]

1. d4 g6 2. c4 Nf6 3. Nc3 d5 4. Bg5 Ne4 5. Bh4 c6 6. e3 Bg7 7. Nge2 O-O 8. Rc1
f5 9. cxd5 cxd5 10. Qb3 Be6 11. Qxb7 Nd7 12. Nf4 Bf7 13. Nfxd5 Rb8 14. Qxa7 g5
15. Bg3 Rxb2 16. Qa3 Nxg3 17. hxg3 Qb8 18. Nxe7+ Kh8 19. Bd3 Re8 20. Nxf5 Bf8
21. Qa4 Qb7 22. Rxh7+ Kg8 23. Rxf7 Qxg2 24. Rc2 Qh1+ 25. Kd2 Rxc2+ 26. Bxc2
Kxf7 27. Qxd7+ 1-0

[Event "4NCL Division Four"]
[Site "Daventry, ENG"]
[Date "2022.11.05"]
[Round "1.12"]
[White "Woolf, Ben"]
[Black "Finn, Peter"]
[Result "0-1"]
[WhiteElo "1589"]
[BlackElo "2175"]
[PlyCount "54"]
[EventDate "2022.11.05"]
[WhiteTeam "War and Piece B"]
[BlackTeam "CSC/Kingston 1"]

1. d4 d5 2. Bf4 Nf6 3. e3 e6 4. Nf3 Bd6 5. Bg3 O-O 6. Nbd2 b6 7. Ne5 Bb7 8. c3
c5 9. Bd3 Ne4 10. Bxe4 dxe4 11. a4 Nc6 12. O-O Bxe5 13. dxe5 Ba6 14. Nxe4 Bxf1
15. Qxf1 Nxe5 16. Bxe5 Qd5 17. Nxc5 bxc5 18. Bg3 Rfd8 19. b4 c4 20. b5 Qd3 21.
Rc1 Qxf1+ 22. Kxf1 Rd2 23. a5 Rb2 24. b6 axb6 25. axb6 Rxb6 26. Be5 Rb2 27. Rd1
f6 0-1

[Event "4NCL Division Four"]
[Site "Daventry, ENG"]
[Date "2022.11.05"]
[Round "1.13"]
[White "Rice, Chris B"]
[Black "Chapman, Chas"]
[Result "1-0"]
[WhiteElo "1974"]
[BlackElo "1517"]
[PlyCount "53"]
[EventDate "2022.11.05"]
[WhiteTeam "CSC/Kingston 1"]
[BlackTeam "War and Piece B"]

1. d4 Nf6 2. Nf3 d5 3. c4 dxc4 4. e3 e6 5. Bxc4 Be7 6. Nc3 O-O 7. O-O b6 8. Qe2
Bb7 9. e4 c6 10. Rd1 b5 11. Bb3 a6 12. Bg5 Qc7 13. Rac1 Qd7 14. d5 cxd5 15.
exd5 Nxd5 16. Bxd5 Bxg5 17. Bxb7 Qxb7 18. Nxg5 Nc6 19. Qe4 g6 20. Qh4 h5 21.
Qf4 Rad8 22. Qf6 Rxd1+ 23. Rxd1 Qe7 24. Qxe7 Nxe7 25. Kf1 Kg7 26. Rd6 Ra8 27.
Rd7 1-0

[Event "4NCL Division Four"]
[Site "Daventry, ENG"]
[Date "2022.11.05"]
[Round "1.14"]
[White "Knipe, Matthew"]
[Black "Sparkes, Daniel A"]
[Result "0-1"]
[WhiteElo "1400"]
[BlackElo "1967"]
[PlyCount "100"]
[EventDate "2022.11.05"]
[WhiteTeam "War and Piece B"]
[BlackTeam "CSC/Kingston 1"]

1. e4 c5 2. b3 d6 3. Bb2 Nf6 4. Bb5+ Bd7 5. Bxd7+ Nbxd7 6. d3 g6 7. f4 Bg7 8.
Nf3 O-O 9. O-O d5 10. Nbd2 Nxe4 11. Bxg7 Nxd2 12. Qxd2 Kxg7 13. Qe3 e6 14. Ne5
b6 15. Rf3 d4 16. Qe1 Nxe5 17. Qxe5+ Qf6 18. Re1 Qxe5 19. Rxe5 Rad8 20. Kf2 Rd5
21. Rg3 Rxe5 22. fxe5 Rd8 23. Kf3 f5 24. Kf4 h6 25. h4 Rd5 26. Rf3 g5+ 27. hxg5
hxg5+ 28. Kxg5 Rxe5 29. Rf2 Re3 30. g4 Rg3 31. Kf4 Rxg4+ 32. Ke5 Rg6 33. Kd6
Rf6 34. Kc6 f4 35. Kd6 f3 36. Ke5 Kg6 37. Ke4 Kg5 38. Rxf3 Rxf3 39. Kxf3 Kf5
40. a3 b5 41. Ke2 Kf4 42. Kd2 a5 43. c3 b4 44. axb4 axb4 45. cxb4 cxb4 46. Ke2
Kg3 47. Ke1 Kf3 48. Kd2 Kf2 49. Kd1 Ke3 50. Kc2 Ke2 0-1

[Event "4NCL Division Four"]
[Site "Daventry, ENG"]
[Date "2022.11.05"]
[Round "1.15"]
[White "Lawson, Maurice E"]
[Black "Parsons, Ben D"]
[Result "1-0"]
[WhiteElo "1965"]
[BlackElo "1415"]
[PlyCount "81"]
[EventDate "2022.11.05"]
[WhiteTeam "CSC/Kingston 1"]
[BlackTeam "War and Piece B"]

1. e4 e5 2. Nf3 Nc6 3. Bb5 d6 4. c3 Nf6 5. d3 h6 6. Nbd2 Bd7 7. Nf1 Qe7 8. Ne3
O-O-O 9. h3 Na5 10. Bxd7+ Qxd7 11. b4 Nc6 12. b5 Ne7 13. c4 b6 14. a4 g5 15. a5
Nh5 16. axb6 cxb6 17. Qa4 Kb8 18. g3 Rc8 19. Nc2 Rc7 20. Be3 Rb7 21. Nb4 Bg7
22. Nc6+ Ka8 23. Bxb6 Nc8 24. Be3 Bf6 25. Ke2 Bd8 26. Ra2 Bb6 27. Rha1 f5 28.
Bxb6 Rh7 29. Be3 f4 30. gxf4 gxf4 31. Bd2 Ng7 32. b6 Ne6 33. bxa7 Nc5 34. Qd1
Qxc6 35. Rb1 Nb6 36. Ba5 Nba4 37. Rxb7 Rxb7 38. Qg1 Kxa7 39. Qg6 Ka6 40. Nxe5
Rd7 41. Nxc6 1-0

[Event "4NCL Division Four"]
[Site "Daventry, ENG"]
[Date "2022.11.05"]
[Round "1.16"]
[White "Bradley, Eric"]
[Black "Vachtfeidl, Petr"]
[Result "0-1"]
[WhiteElo "1237"]
[BlackElo "1877"]
[PlyCount "56"]
[EventDate "2022.11.05"]
[WhiteTeam "War and Piece B"]
[BlackTeam "CSC/Kingston 1"]

1. e4 e5 2. f4 exf4 3. Nf3 Nf6 4. Nc3 d5 5. Bd3 Bc5 6. Qe2 O-O 7. b3 Re8 8. Bb2
Nc6 9. O-O-O Bg4 10. Rde1 Ne5 11. Na4 dxe4 12. Bxe4 Nxe4 13. Nxc5 Nxf3 14. gxf3
Bxf3 15. Qxf3 Qxd2+ 16. Kb1 Nxc5 17. Rd1 Qe3 18. Qxe3 fxe3 19. Rde1 Re4 20. Re2
f5 21. Rd1 f4 22. Rd4 Rae8 23. Rxe4 Rxe4 24. Rg2 g6 25. Rg5 e2 26. Rxc5 e1=Q+
27. Bc1 f3 28. Rxc7 f2 0-1

[Event "4NCL Division Four"]
[Site "Daventry, ENG"]
[Date "2022.11.05"]
[Round "1.21"]
[White "Hampton, Christopher"]
[Black "Balasundaram, Sivasatyan"]
[Result "1-0"]
[WhiteElo "1978"]
[BlackElo "1826"]
[PlyCount "79"]
[EventDate "2022.11.05"]
[WhiteTeam "Anglian Avengers 2"]
[BlackTeam "Cambridge University Y1"]

1. d4 Nf6 2. c4 g6 3. Nc3 Bg7 4. e4 d6 5. Nf3 O-O 6. Be2 e5 7. d5 Na6 8. Bg5
Qe8 9. Nd2 Nd7 10. O-O f6 11. Bh4 Kh8 12. a3 Rg8 13. f3 f5 14. exf5 gxf5 15.
Qc2 Qg6 16. Kh1 Bh6 17. g3 Nf6 18. Bxf6+ Qxf6 19. b4 Bxd2 20. Qxd2 Bd7 21. Rac1
Raf8 22. f4 e4 23. Nd1 Be8 24. Ne3 h5 25. Qc3 Kh7 26. Qxf6 Rxf6 27. c5 Nb8 28.
cxd6 cxd6 29. Rc7+ Rf7 30. Rxf7+ Bxf7 31. Nxf5 Bxd5 32. Ne7 Bf7 33. Nxg8 Kxg8
34. Rc1 Na6 35. Kg1 d5 36. Bxa6 bxa6 37. Rd1 Kg7 38. Kf2 Kf6 39. Ke3 Kf5 40. h3
1-0

[Event "4NCL Division Four"]
[Site "Daventry, ENG"]
[Date "2022.11.05"]
[Round "1.23"]
[White "Dannatt, Arthur"]
[Black "Evans, Daniel"]
[Result "1-0"]
[WhiteElo "1582"]
[BlackElo "1638"]
[PlyCount "53"]
[EventDate "2022.11.05"]
[WhiteTeam "Anglian Avengers 2"]
[BlackTeam "Cambridge University Y1"]

1. Nf3 d5 2. d4 Nf6 3. g3 c6 4. Bg2 Bf5 5. O-O e6 6. c4 Bd6 7. Nc3 Nbd7 8. Bg5
h6 9. Bxf6 Nxf6 10. Rc1 h5 11. h4 Qb8 12. cxd5 exd5 13. Qd2 Ng4 14. Nh2 Be6 15.
Nxg4 hxg4 16. Qg5 Be7 17. Qxg7 Kd7 18. e4 Rh5 19. exd5 cxd5 20. Nxd5 Rxd5 21.
Bxd5 Bxd5 22. Qxg4+ Be6 23. Qf3 Kd6 24. d5 Bh3 25. Rfe1 Qg8 26. Qa3+ Kd7 27.
Qxe7# 1-0

[Event "4NCL Division Four"]
[Site "Daventry, ENG"]
[Date "2022.11.05"]
[Round "1.24"]
[White "Veeturi, Yashvardhan"]
[Black "Calumpiano, Raf"]
[Result "1/2-1/2"]
[WhiteElo "1508"]
[BlackElo "1306"]
[PlyCount "81"]
[EventDate "2022.11.05"]
[WhiteTeam "Cambridge University Y1"]
[BlackTeam "Anglian Avengers 2"]

1. e4 c5 2. Nc3 Nc6 3. Bb5 g6 4. Bxc6 bxc6 5. f4 Bg7 6. Nf3 d5 7. e5 Bg4 8. d4
c4 9. O-O Bd7 10. Qe1 e6 11. g4 h6 12. Qf2 Ne7 13. Na4 a5 14. Nc5 Rb8 15. b3
cxb3 16. axb3 h5 17. g5 Nf5 18. Nh4 Nxh4 19. Qxh4 Qb6 20. Qf2 h4 21. Bd2 Bf8
22. Rxa5 Bxc5 23. dxc5 Qc7 24. Qd4 Ke7 25. Rfa1 Rb7 26. h3 Rhb8 27. Be1 Qd8 28.
Qf2 Qh8 29. Kg2 Qh5 30. Qf3 Qh7 31. Ra8 Rb5 32. Rxb8 Rxb8 33. Ra7 Rb5 34. Ra5
Qh8 35. Rxb5 cxb5 36. Qc3 Bc6 37. Kh2 Qh5 38. Qa5 Qe2+ 39. Kg1 Qe3+ 40. Bf2
Qc1+ 41. Be1 1/2-1/2

[Event "4NCL Division Four"]
[Site "Daventry, ENG"]
[Date "2022.11.05"]
[Round "1.25"]
[White "Ferris, Oliver"]
[Black "Jayakumar, Bharath"]
[Result "1/2-1/2"]
[WhiteElo "1371"]
[BlackElo "1514"]
[PlyCount "84"]
[EventDate "2022.11.05"]
[WhiteTeam "Anglian Avengers 2"]
[BlackTeam "Cambridge University Y1"]

1. e4 c5 2. Nf3 d6 3. c3 Nf6 4. e5 dxe5 5. Nxe5 e6 6. Nf3 Be7 7. Bc4 O-O 8. d4
a6 9. O-O b5 10. Bb3 c4 11. Bc2 Bb7 12. Nbd2 Nbd7 13. Qe2 Nb6 14. Ne4 Nbd5 15.
Nxf6+ Nxf6 16. Bg5 h6 17. Bxf6 Bxf6 18. Be4 Bxe4 19. Qxe4 a5 20. a3 Qb6 21. Ne5
Qc7 22. f4 Rad8 23. Ng4 Qe7 24. Nxf6+ Qxf6 25. f5 exf5 26. Rxf5 Qb6 27. Qe5 Rb8
28. Qc5 Qe6 29. Re5 Qg6 30. Rae1 Qc2 31. R5e2 Qg6 32. Qe5 Kh8 33. d5 Rbd8 34.
Rd1 Rd6 35. Qe4 Qf6 36. Qd4 Qd8 37. Red2 Qd7 38. Re1 Rd8 39. Red1 Kg8 40. a4
Rb8 41. axb5 Qxb5 42. Qf4 Rbd8 1/2-1/2

[Event "4NCL Division Four"]
[Site "Daventry, ENG"]
[Date "2022.11.05"]
[Round "1.26"]
[White "Wang, Xiling"]
[Black "Walker, Heather Enid"]
[Result "0-1"]
[WhiteElo "1121"]
[BlackElo "1200"]
[PlyCount "116"]
[EventDate "2022.11.05"]
[WhiteTeam "Cambridge University Y1"]
[BlackTeam "Anglian Avengers 2"]

1. e4 Nf6 2. Nc3 e5 3. f4 d5 4. exd5 Nxd5 5. Nxd5 Qxd5 6. Qe2 Nc6 7. fxe5 Nd4
8. c4 Qe6 9. Qe4 Bc5 10. Nf3 Qf5 11. Qxf5 Bxf5 12. Nxd4 Bxd4 13. Be2 O-O 14.
Rf1 Be6 15. d3 Bxe5 16. Bf4 Bxb2 17. Rb1 Bc3+ 18. Kd1 b6 19. Bxc7 Rac8 20. Kc2
Bd4 21. Bg3 Rfe8 22. Bf3 Bf5 23. Bb7 Rxc4+ 24. Kd1 Bxd3 25. Bd5 Bxf1 26. Bxc4
Bxc4 27. Rb4 b5 28. a4 a5 29. Rb1 b4 30. Be1 g6 31. Bxb4 axb4 32. Rxb4 Be2+ 33.
Kc2 Be3 34. Kb3 f5 35. Rb7 Bf4 36. h3 Bg3 37. a5 Rb8 38. Rxb8+ Bxb8 39. Kb4 Ba7
40. g3 Kf7 41. Ka4 Ke6 42. h4 h5 43. Kb4 Kd6 44. Ka4 Kc6 45. Kb4 Kb7 46. Ka4
Ka6 47. Kb4 Bf2 48. Ka4 Bxg3 49. Kb4 f4 50. Ka4 f3 51. Kb4 f2 52. Ka4 f1=Q 53.
Kb4 Be1+ 54. Ka4 Bxa5 55. Kb3 Kb5 56. Ka3 Kc4 57. Kb2 Bc3+ 58. Kc2 Qd1# 0-1

[Event "4NCL Division Four"]
[Site "Daventry, ENG"]
[Date "2022.11.05"]
[Round "1.31"]
[White "Adams, Mark"]
[Black "Bromilow, Edward T"]
[Result "1-0"]
[WhiteElo "1998"]
[BlackElo "1789"]
[PlyCount "73"]
[EventDate "2022.11.05"]
[WhiteTeam "The Full Ponty"]
[BlackTeam "Ashfield 3"]

1. e4 c6 2. c4 d5 3. exd5 cxd5 4. d4 Nf6 5. h3 Nc6 6. Nf3 Bf5 7. Nc3 e6 8. a3
dxc4 9. Bxc4 Rc8 10. O-O Be7 11. Be3 O-O 12. Qe2 Nd5 13. Rac1 Bf6 14. Rfd1 a6
15. Ba2 Qd6 16. Na4 Nf4 17. Qd2 Nd5 18. Nc5 b5 19. Nxa6 b4 20. Bxd5 exd5 21.
Nxb4 Nxb4 22. axb4 Rb8 23. Bf4 Qxb4 24. Bxb8 Rxb8 25. Qf4 Bg6 26. Ne5 Bxe5 27.
Qxe5 Qb3 28. Qc7 h6 29. Rd2 Re8 30. Qc3 Qb8 31. Qc6 Qd8 32. Rdd1 Kh7 33. Re1
Rxe1+ 34. Rxe1 Qa5 35. Rc1 Qa2 36. Qc3 Qa4 37. b4 1-0

[Event "4NCL Division Four"]
[Site "Daventry, ENG"]
[Date "2022.11.05"]
[Round "1.32"]
[White "Bentley, Alex"]
[Black "Perrett, David C"]
[Result "0-1"]
[WhiteElo "1747"]
[BlackElo "1951"]
[PlyCount "70"]
[EventDate "2022.11.05"]
[WhiteTeam "Ashfield 3"]
[BlackTeam "The Full Ponty"]

1. e4 Nf6 2. Nc3 d5 3. e5 d4 4. exf6 dxc3 5. bxc3 exf6 6. d4 Bd6 7. Nf3 Qe7+ 8.
Qe2 Bg4 9. Qxe7+ Kxe7 10. Be2 Re8 11. O-O Kf8 12. Bd1 Nc6 13. h3 Be6 14. Nd2
Na5 15. Bf3 Bf5 16. Nb3 Nc6 17. Be3 Bxc2 18. Rfc1 Be4 19. Be2 Ba3 20. Rf1 Bb2
21. Rad1 Bxc3 22. Nc5 Bd5 23. Nxb7 Nb4 24. Nc5 Nc2 25. Na6 Ba5 26. Bd2 Bb6 27.
Bb5 c6 28. Ba4 Nxd4 29. Nb4 Bc4 30. Rfe1 Rxe1+ 31. Rxe1 c5 32. Nc6 Nxc6 33.
Bxc6 Rc8 34. Ba4 Bxa2 35. Bf4 Be6 0-1

[Event "4NCL Division Four"]
[Site "Daventry, ENG"]
[Date "2022.11.05"]
[Round "1.33"]
[White "Hughes, Anthony"]
[Black "Taylor, Robert P"]
[Result "1-0"]
[WhiteElo "1946"]
[BlackElo "1736"]
[PlyCount "64"]
[EventDate "2022.11.05"]
[WhiteTeam "The Full Ponty"]
[BlackTeam "Ashfield 3"]

1. c4 d6 2. Nc3 Nf6 3. g3 c6 4. Bg2 e5 5. e4 Nbd7 6. Nge2 Qc7 7. d3 Be7 8. h3
h6 9. Be3 g5 10. Qd2 Nf8 11. O-O Ng6 12. d4 Be6 13. b3 Nh5 14. d5 Bd7 15. dxc6
bxc6 16. Rad1 Be6 17. Kh2 Rd8 18. Qc2 Rf8 19. c5 Qa5 20. cxd6 Bxd6 21. Na4 Qc7
22. Nc5 Ng7 23. Rd2 Nf4 24. gxf4 gxf4 25. Rxd6 Rxd6 26. Bd2 f5 27. Bb4 fxe4 28.
Nxe4 Bf5 29. Nxd6+ Qxd6 30. Qxc6+ Qxc6 31. Bxc6+ Kf7 32. Bxf8 Kxf8 1-0